00361 2200145 4500245005200000020002200052250001000074100001700084005001900101260004300120041001400163084000900177300002000186336000900206 aAbdul Hakim Wartawan Antaracchappy hakimhText a978-623-241-201-9 aCet.1 achappy hakim a20240925144428 aJakartabKompas Mdedia Nusantarac2020 aIndonesia aNONE a260 hlm 23 cm : atext